00269 a2200085 4500100002300000245004800023300004200071650001500113773005500128 aAGBENORSI, Justice aOSP freezes Cecilia Dapaah's accounts again aWednesday, September 6, 2023 Pages 16 aJudiciary 0 tDaily GraphicdAccra Daily Graphic 2023x0855-1529